| 000 | 00728nam a2200241Ia 4500 | ||
|---|---|---|---|
| 003 | OSt | ||
| 005 | 20220930191704.0 | ||
| 006 | a|||||r|||| 00| 0 | ||
| 007 | ta | ||
| 008 | 220926b |||||||| |||| 00| 0 eng d | ||
| 024 | _a9210 | ||
| 037 | _cDissertations | ||
| 040 |
_aCRL _cCRL _beng |
||
| 041 |
_2eng _aeng |
||
| 100 |
_aBaldev Kumar _9477439 |
||
| 110 | _aUniversity of Delhi. Faculty of Science. Department of Chemistry | ||
| 245 | 0 | _aManufacture of 5 tons of bleaching powder per day with available chlorine of 35% | |
| 260 | _c1953 | ||
| 650 | _aCHEMISTRY | ||
| 700 | _aUniversity of Delhi. Faculty of Science. Department of Chemistry | ||
| 942 |
_cDIS _2CC |
||
| 999 |
_c894250 _d894250 |
||